Le Droit fluvial international et les fleuves de l'Amerique Latine / (Record no. 145015)

MARC details
000 -LEADER
campo de control de longitud fija 00565nam a2200169 4500
001 - NÚMERO DE CONTROL
campo de control 145015
003 - IDENTIFICADOR DE NÚMERO DE CONTROL
campo de control ES-MaACL
005 - FECHA Y HORA DE LA ÚLTIMA TRANSACCIÓN
campo de control 20230906201139.0
007 - CAMPO FIJO DE DESCRIPCIÓN FÍSICA--INFORMACIÓN GENERAL
campo de control de longitud fija t|
008 - DATOS DE LONGITUD FIJA--INFORMACIÓN GENERAL
campo de control de longitud fija 070214s1935 fr r ||||1| fre d
100 1# - ENTRADA PRINCIPAL--NOMBRE DE PERSONA
Nombre de persona Sosa-Rodríguez, Carlos.
9 (RLIN) 107443
245 13 - MENCIÓN DEL TÍTULO
Título Le Droit fluvial international et les fleuves de l'Amerique Latine /
Mención de responsabilidad, etc. Carlos Sosa-Rodríguez ; preface de M. Simón Planas Suárez.
260 ## - PUBLICACIÓN, DISTRIBUCIÓN, ETC.
Lugar de publicación, distribución, etc. Paris :
Nombre del editor, distribuidor, etc. [s. n.],
Fecha de publicación, distribución, etc. 1935 (
Fabricante Imp. Herissey)
300 ## - DESCRIPCIÓN FÍSICA
Extensión 192 p. ;
Dimensiones 25 cm.
700 1# - ENTRADA AGREGADA--NOMBRE PERSONAL
Nombre de persona Planas Suárez, Simón.
9 (RLIN) 92532
852 ## - LOCALIZACIÓN
Ubicación ES-MaACL
Número de control de estantería A-3793
Holdings
Estatus retirado Estado de pérdida Estado de daño No para préstamo Biblioteca de origen Biblioteca actual Ubicación en estantería Fecha de adquisición Fuente de adquisición Total de préstamos Signatura topográfica completa Código de barras Visto por última vez Precio de reemplazo Tipo de ítem Koha
        Biblioteca del Ateneo de Madrid Biblioteca del Ateneo de Madrid Sala Pecera Planta 1 17/01/2008     A-3793 1151377 23/02/2023 23/02/2023 Libro impreso